Portals - use continues to grow (Record no. 77547)

MARC details
000 -LEADER
fixed length control field 01062cab a2200193 4500
001 - CONTROL NUMBER
control field ##L134509
008 - FIXED-LENGTH DATA ELEMENTS--GENERAL INFORMATION
fixed length control field 060814n2006 000 0 eng u
035 ## - SYSTEM CONTROL NUMBER
System control number (Sirsi) u134509
041 0# - LANGUAGE CODE
Language code of text/sound track or separate title eng
100 1# - MAIN ENTRY--PERSONAL NAME
Personal name North, Bob
245 00 - TITLE STATEMENT
Title Portals - use continues to grow
260 ## - PUBLICATION, DISTRIBUTION, ETC.
Date of publication, distribution, etc. 2006
490 #0 - SERIES STATEMENT
Series statement Estate Agency News
Volume/sequential designation (225) August 2006, 12-13(2)
520 ## - SUMMARY, ETC.
Summary, etc. Analyses the recent performance of the top five property portals, Fish4homes, Find a Property, Prime Location, Property Finder and Rightmove, which shows the continued upward use of the Internet by home seekers and the continued growth of Rightmove at forefront of the estate agency sites. Concludes that Rightmove will remain the dominant player and predicts that Rightmove's prices to existing and future members will go up by the end of 2006. Table covers property information, site traffic figures and charging information for the five portals.
590 ## - LOCAL NOTE (RLIN)
Local note IKA220806 NTK
651 #4 - SUBJECT ADDED ENTRY--GEOGRAPHIC NAME
Geographic name United Kingdom
Chronological subdivision
690 ## - LOCAL SUBJECT ADDED ENTRY--TOPICAL TERM (OCLC, RLIN)
Topical term or geographic name as entry element PROPERTY-RESIDENTIAL PROPERTY-RESIDENTIAL PROPERTY MARKET
942 ## - ADDED ENTRY ELEMENTS (KOHA)
Suppress in OPAC 0
Holdings
Withdrawn status Lost status Source of classification or shelving scheme Damaged status Not for loan Home library Current library Shelving location Date acquired Total Checkouts Full call number Barcode Date last seen Copy number Price effective from Koha item type
    Dewey Decimal Classification     London London Journal article 14/08/2006   L134509 134509-1001 06/08/2019 1 06/08/2019 Journal article